Conferencias sobre las doctrinas y prácticas más importantes de la Iglesia Católica

Saved in:
Bibliografiske detaljer
Hovedforfatter: Wiseman, Nicolás Esteban (Author)
Format: Bog
Sprog:spansk
Udgivet: Madrid Imprenta de El Católico 1854
Fag:
Tags: Tilføj Tag
Ingen Tags, Vær først til at tagge denne postø!

MARC

LEADER 00000nam a2200000 a 4500
001 UCI6685
003 CL-VaPUC
008 080523e18540000SP |||||||||||||||||spa|d
082 0 4 |a 230  |b WIS  |2 21 
100 0 |a Wiseman, Nicolás Esteban  |e author  |9 529647 
245 1 0 |a Conferencias sobre las doctrinas y prácticas más importantes de la Iglesia Católica 
300 |a v 
942 |c BK 
945 |d 20080523 00:00:00  |a rbrito 
260 |a Madrid  |b Imprenta de El Católico  |c 1854 
500 |a Donación Padres Capuchinos 
650 0 |a Cristianismo  |9 257361 
650 0 |a Iglesia Católica  |9 256114 
650 7 |a DOCTRINA CRISTIANA  |2 CL-VaPUC  |9 339115 
583 |a last modification  |c 20080523 00:00:00  |k Rodrigo Vera 
999 |c 330135  |d 330133 
952 |0 0  |1 0  |4 0  |6 230_000000000000000_WIS_1854  |7 0  |8 X  |9 415498  |a FDOBUD  |b FDOBUD  |d 2019-11-22  |h v.2  |i 4441001  |o 230 WIS 1854  |p 4441001  |r 2019-11-22  |w 2019-11-22  |y BK_X  |k BUD